000 00281nam a2200133Ia 4500
100 _aJain R.K.
942 _cBK
654 _atechnology
245 _aProduction Technology
260 _bKhanna Pub
_aNew Delhi
_c1994
082 _a670
_bJAI
300 _a1310
546 _aENGLISH
999 _c30989
_d30989